Préfectures françaises sur une carte - Erreurs éliminatoires - Statistiques

Statistiques générales
  • Ce quiz a été pris 511 fois
  • Le résultat moyen est 37 sur 101
Réponses sur la Carte
Les réponses sont colorées sur une échelle allant du rouge au vert en fonction du pourcentage des utilisateurs qui les ont devinées à leur premier essai. Vous pouvez retrouver ces pourcentages ci-dessous.
 
Statistiques - réponses
Départements Chefs-Lieux % Correct
Guyane Cayenne
47%
Vendée La Roche-sur-Yon
45%
Paris Paris
45%
Territoire de Belfort Belfort
44%
Isère Grenoble
43%
Deux-Sèvres Niort
43%
Var Toulon
43%
Morbihan Vannes
43%
Corse-du-Sud Ajaccio
41%
Pas-de-Calais Arras
41%
Côte-d'Or Dijon
41%
Bouches-du-Rhône Marseille
41%
Gard Nîmes
41%
Pyrénées-Orientales Perpignan
41%
Ille-et-Vilaine Rennes
41%
Vaucluse Avignon
40%
Hérault Montpellier
40%
Finistère Quimper
40%
La Réunion Saint-Denis
40%
Hautes-Pyrénées Tarbes
40%
Yvelines Versailles
40%
Aude Carcassonne
39%
Savoie Chambéry
39%
Puy-de-Dôme Clermont-Ferrand
39%
Haut-Rhin Colmar
39%
Alpes-de-Haute-Provence Digne-les-Bains
39%
Vosges Épinal
39%
Hautes-Alpes Gap
39%
Charente-Maritime La Rochelle
39%
Nord Lille
39%
Moselle Metz
39%
Allier Moulins
39%
Meurthe-et-Moselle Nancy
39%
Loire-Atlantique Nantes
39%
Loire Saint-Étienne
39%
Haute-Garonne Toulouse
39%
Haute-Savoie Annecy
38%
Haute-Corse Bastia
38%
Gironde Bordeaux
38%
Ain Bourg-en-Bresse
38%
Mayenne Laval
38%
Landes Mont-de-Marsan
38%
Dordogne Périgueux
38%
Bas-Rhin Strasbourg
38%
Tarn Albi
37%
Somme Amiens
37%
Yonne Auxerre
37%
Meuse Bar-le-Duc
37%
Guadeloupe Basse-Terre
37%
Oise Beauvais
37%
Seine-Saint-Denis Bobigny
37%
Eure Évreux
37%
Ariège Foix
37%
Creuse Guéret
37%
Rhône Lyon
37%
Pyrénées-Atlantiques Pau
37%
Seine-Maritime Rouen
37%
Manche Saint-Lô
37%
Haute-Saône Vesoul
37%
Orne Alençon
36%
Charente Angoulême
36%
Cantal Aurillac
36%
Marne Châlons-en-Champagne
36%
Haute-Loire Le Puy-en-Velay
36%
Seine-et-Marne Melun
36%
Hauts-de-Seine Nanterre
36%
Nièvre Nevers
36%
Loiret Orléans
36%
Gers Auch
35%
Doubs Besançon
35%
Calvados Caen
35%
Ardennes Charleville-Mézières
35%
Indre Châteauroux
35%
Aisne Laon
35%
Jura Lons-le-Saunier
35%
Lozère Mende
35%
Ardèche Privas
35%
Côtes-d'Armor Saint-Brieuc
35%
Mayotte Mamoudzou
34%
Aube Troyes
34%
Corrèze Tulle
34%
Lot-et-Garonne Agen
33%
Maine-et-Loire Angers
33%
Loir-et-Cher Blois
33%
Lot Cahors
33%
Eure-et-Loir Chartres
33%
Martinique Fort-de-France
33%
Sarthe Le Mans
33%
Haute-Vienne Limoges
33%
Tarn-et-Garonne Montauban
33%
Aveyron Rodez
33%
Indre-et-Loire Tours
33%
Drôme Valence
33%
Cher Bourges
32%
Val-de-Marne Créteil
32%
Val-d'Oise Cergy-Pontoise
31%
Essonne Évry-Courcouronnes
31%
Alpes-Maritimes Nice
31%
Haute-Marne Chaumont
30%
Saône-et-Loire Mâcon
30%
Vienne Poitiers
30%
Aucun quiz correspondant
Distribution des résultats
% des personnes avec chaque résultat
Percentile par nombre de réponses
Votre historique - résultats
Vous n’avez pas pris ce quiz